00401nam a2200157Ia 4500003000400000005001700004008004100021040000900062082001900071100001900090245005900109250001200168260004000180300000900220650001400229OSt20201216100646.0190216s9999||||xx |||||||||||||| ||und|| coclc a355.050bSIN/I aSingh, Jaswant 0aIndian Armed Forces Year Book 1981-82 /cJaswant Singh a1st Ed. bJaswanth Singh Publications,c1982. a640p aYear Book